Economic theory in retrospect

Enregistré dans:
Détails bibliographiques
Auteur principal: Mark Blaug
Format: Livre
Publié: London : Heinemann Educational Books, 1977
Édition:2nd ed.
Sujets:
Tags: Ajouter un tag
Pas de tags, Soyez le premier à ajouter un tag!

MARC

LEADER 00000nam a2200000 4500
020 |a 0435840800  |c NA 
040 |a MUL  |b eng.  |e AACR 
082 |a 330.1 BLA 
100 |a Mark Blaug 
245 |a Economic theory in retrospect  |c / Mark Blaug 
250 |a 2nd ed. 
260 |a London :  |b Heinemann Educational Books,   |c 1977 
300 |a xxiv, 710 p. :  |b ill. ;  |c 24 cm. 
504 |a Includes references and index. 
546 |a eng. 
650 |a Economics History 
650 |a Economics 
942 |c BK 
999 |c 9436  |d 9436